000 00410cam a2200181 4500
001 D13103
008 090401t1949 xxu||||| |||| 00| 0 eng d
035 _a(Sirsi) u7769
041 _aeng
100 _aJennings, Sir W.Ivor
245 4 _aThe law of housing
250 _a3rd
260 _aLondon
_bCharles Knight and Co
_c1949
350 _a0
520 _aShelf 117
942 _n0
948 _c04/03/1997
999 _c86442
_d86442